Puntos de partida: : an invitation to Spanish

Bibliographic Details
Other Authors: Knorre, Marty
Format: Book
Published: USA : McGraw Hill, Inc , 1993
Subjects:

MARC

LEADER 00000cam a2200000 7i4500
001 0000003997
005 20130819.0
020 0 0 |a 0070358923 
090 0 0 |a 468.2   |b SPAN 1993 
245 0 0 |a Puntos de partida: :   |b an invitation to Spanish   |c Mary Knorre...(et al.) 
260 0 0 |a USA :   |b McGraw Hill, Inc ,   |c 1993 
300 |a xxv., 624 p. :   |b ill. ;   |c 24cm. 
500 0 0 |a Includes bibliography and index 
650 0 0 |a Spanish language---Textbooks for foreign speakers---English 
700 0 1 |a Knorre, Marty 
998 |a JPSM 
999 |a 007782   |b Monograph   |c Open Shelf   |e Default branch